000 00451nam a2200169 a 4500
005 20140310183208.0
008 030207s19uu xx 00 eng d
020 _a9780733508240
050 _aPZ 7
_b.L853 1997
100 _aLongford, Lindsay
245 _aRenegade's Redemption /
_cLindsay Longford.
260 _aAustralia :
_bSilhouette books,
_c1997.
300 _a250 p. :
_c18 cm.
650 _aFiction
942 _cBK
_2lcc
999 _c20044
_d20044